| 000 | 00556nam a2200217Ia 4500 | ||
|---|---|---|---|
| 008 | 230125s9999 xx 000 0 und d | ||
| 020 | _a9788177583861 | ||
| 041 | _aeng | ||
| 082 |
_a338.502 _bCRA |
||
| 100 |
_aPeterson C H _9117658 |
||
| 245 | _aManagerial Economics | ||
| 250 | _a4th Ed. | ||
| 260 |
_c2019 _bPearson Education _aTamil Nadu |
||
| 300 | _a622p | ||
| 440 | _v2 | ||
| 500 | _aManagerial economics; | ||
| 650 | _aEconomics | ||
| 700 |
_aPeterson C H; Lewis W C & Jain S K _9117659 |
||
| 906 | _b223.72 | ||
| 999 |
_c95496 _d95496 |
||